[Event "NED-ch 1978"]
[Site "Leeuwarden"]
[Date "1978.??.??"]
[Round "1"]
[White "Bohm, Hans"]
[Black "Van der Sterren, Paul"]
[Result "1-0"]
[WhiteElo "2410"]
[BlackElo "2400"]
[PlyCount "81"]
[EventDate "1978.??.??"]
[Source "ChessBase"]
[SourceDate "1997.11.17"]

1. d4 Nf6 2. Bf4 g6 3. Nf3 Bg7 4. e3 O-O 5. Be2 d6 6. h3 c5 7. c3 b6 8. O-O Bb7
9. Nbd2 Nbd7 10. a4 a6 11. b4 Nd5 12. Qb3 cxb4 13. cxb4 Nxf4 14. exf4 Nf6 15.
g3 Qd7 16. Kh2 Bd5 17. Bc4 Qb7 18. Rfe1 e6 19. Qd3 Rfc8 20. Rec1 h6 21. Ng1 Bf8
22. b5 Bxc4 23. Nxc4 Nd5 24. Qb3 axb5 25. axb5 Rxa1 26. Rxa1 Qc7 27. Ra4 Be7
28. Nf3 g5 29. fxg5 hxg5 30. Nfd2 Kg7 31. Kg2 Qb7 32. Nf3 Ra8 33. Qa3 Rxa4 34.
Qxa4 f5 35. Qa6 Qc7 36. Qa2 Bf6 37. Qe2 Kf7 38. Ne3 Nc3 39. Qd3 Ne4 40. d5 Qc3
41. dxe6+ 1-0

[Event "NED-ch 1978"]
[Site "Leeuwarden"]
[Date "1978.??.??"]
[Round "1"]
[White "Donner, Jan Hein"]
[Black "Ligterink, Gert"]
[Result "1/2-1/2"]
[WhiteElo "2490"]
[BlackElo "2440"]
[PlyCount "52"]
[EventDate "1978.??.??"]
[Source "ChessBase"]
[SourceDate "1997.11.17"]

1. d4 Nf6 2. c4 g6 3. g3 Bg7 4. Bg2 O-O 5. Nc3 d6 6. Nf3 Nc6 7. O-O a6 8. d5
Na5 9. b3 Rb8 10. Nd4 Bd7 11. Qd3 c5 12. dxc6 Nxc6 13. Bb2 Nxd4 14. Qxd4 b5 15.
cxb5 axb5 16. Nd5 b4 17. e4 Ne8 18. Qd2 Bxb2 19. Qxb2 Nc7 20. Qd2 Nxd5 21. exd5
Qb6 22. Rad1 Rfc8 23. Rfe1 Bg4 24. Rc1 Rxc1 25. Qxc1 e5 26. dxe6 Bxe6 1/2-1/2

[Event "NED-ch 1978"]
[Site "Leeuwarden"]
[Date "1978.??.??"]
[Round "1"]
[White "Hartoch, Rob"]
[Black "Langeweg, Kick"]
[Result "1/2-1/2"]
[WhiteElo "2405"]
[BlackElo "2450"]
[PlyCount "30"]
[EventDate "1978.??.??"]
[Source "ChessBase"]
[SourceDate "1997.11.17"]

1. e4 c5 2. Nf3 e6 3. d3 Nc6 4. g3 g6 5. Bg2 Bg7 6. O-O Nge7 7. Nc3 O-O 8. Bg5
d6 9. Qd2 e5 10. a3 Be6 11. Rab1 Qd7 12. Bh6 f6 13. b4 Rac8 14. Bxg7 Kxg7 15.
Ne2 Nd4 1/2-1/2

[Event "NED-ch 1978"]
[Site "Leeuwarden"]
[Date "1978.??.??"]
[Round "1"]
[White "Van der Vliet, Fred"]
[Black "Ree, Hans"]
[Result "1/2-1/2"]
[WhiteElo "2345"]
[BlackElo "2500"]
[PlyCount "144"]
[EventDate "1978.??.??"]
[Source "ChessBase"]
[SourceDate "1997.11.17"]

1. Nf3 d5 2. g3 c6 3. Bg2 Nf6 4. d3 Bg4 5. Nbd2 e6 6. b3 Be7 7. Bb2 Nbd7 8. h3
Bh5 9. O-O O-O 10. e4 a5 11. a4 b5 12. Qe1 bxa4 13. Rxa4 Qb6 14. e5 Ne8 15. Qe3
Nc7 16. Rfa1 Bb4 17. g4 Qxe3 18. fxe3 Bg6 19. c3 Bc5 20. d4 Bb6 21. c4 dxc4 22.
bxc4 c5 23. Bc3 Ra6 24. Kh1 Rfa8 25. Nh4 Rd8 26. Nxg6 hxg6 27. Nb3 cxd4 28.
exd4 Nxe5 29. c5 Nb5 30. Be1 Nxd4 31. Nxd4 Bxc5 32. Nb3 Bb6 33. Bxa5 Bxa5 34.
Rxa5 Rxa5 35. Rxa5 Nc4 36. Ra8 Rxa8 37. Bxa8 g5 38. Kg2 f5 39. Bf3 Kf7 40. Be2
Nd6 41. Nc5 g6 42. Bd1 e5 43. Bb3+ Ke7 44. Kf2 Ne8 45. Nd3 Kf6 46. Nc5 Ke7 47.
Nd3 Kf6 48. Nb4 Nd6 49. Ke3 Nb7 50. Nd5+ Ke6 51. Nb4+ Kf6 52. Bd5 Nd6 53. Nc6
Nb5 54. Kd3 Nd6 55. Ke3 Ne8 56. Kd3 Nd6 57. Kc3 Nb5+ 58. Kc4 Na3+ 59. Kd3 Nb5
60. Kd2 Nd6 61. Bb3 Ne4+ 62. Ke3 Nc5 63. Bc4 Ne4 64. Ba2 Nc5 65. Nb4 Ke7 66.
Nd3 Nd7 67. Bb3 Kf6 68. Nb4 Ke7 69. Bc4 Kd6 70. Nd5 e4 71. Kd4 Ne5 72. Nf6 Nxc4
1/2-1/2

[Event "NED-ch 1978"]
[Site "Leeuwarden"]
[Date "1978.??.??"]
[Round "2"]
[White "Baljon, Christofoor"]
[Black "Kuijpers, Frans"]
[Result "1-0"]
[WhiteElo "2220"]
[BlackElo "2415"]
[PlyCount "61"]
[EventDate "1978.??.??"]
[Source "ChessBase"]
[SourceDate "1997.11.17"]

1. e4 c5 2. Nf3 e6 3. d4 cxd4 4. Nxd4 Nf6 5. Nc3 d6 6. f4 Nc6 7. Be3 Be7 8. Qf3
O-O 9. O-O-O Qc7 10. g4 Nxd4 11. Rxd4 e5 12. Rc4 Bxg4 13. Qg3 Qd7 14. Rg1 g6
15. f5 Rfc8 16. Bg5 Bh5 17. Qh4 Rxc4 18. Bxc4 Qc6 19. b3 d5 20. exd5 Qb6 21.
Rf1 Kg7 22. fxg6 fxg6 23. Qg3 Qd4 24. Be3 Qg4 25. Qxe5 Re8 26. d6 Bd8 27. Qd4
Qh3 28. Nd5 Bf3 29. Nf4 Qg4 30. Be6 Rxe6 31. Nxe6+ 1-0

[Event "NED-ch 1978"]
[Site "Leeuwarden"]
[Date "1978.??.??"]
[Round "2"]
[White "Ligterink, Gert"]
[Black "Sosonko, Gennadi"]
[Result "1/2-1/2"]
[WhiteElo "2440"]
[BlackElo "2575"]
[PlyCount "34"]
[EventDate "1978.??.??"]
[Source "ChessBase"]
[SourceDate "1997.11.17"]

1. e4 c5 2. Nf3 d6 3. d4 cxd4 4. Nxd4 Nf6 5. Nc3 g6 6. Be3 Bg7 7. f3 Nc6 8. Qd2
O-O 9. O-O-O Bd7 10. g4 Rc8 11. h4 h5 12. gxh5 Nxh5 13. Rg1 Kh7 14. Be2 Nxd4
15. Bxd4 Bh6 16. Be3 Bg7 17. Bd4 Bh6 1/2-1/2

[Event "NED-ch 1978"]
[Site "Leeuwarden"]
[Date "1978.??.??"]
[Round "2"]
[White "Van der Sterren, Paul"]
[Black "Donner, Jan Hein"]
[Result "0-1"]
[WhiteElo "2400"]
[BlackElo "2490"]
[PlyCount "102"]
[EventDate "1978.??.??"]
[Source "ChessBase"]
[SourceDate "1997.11.17"]

1. e4 e6 2. d4 d5 3. Nc3 Nf6 4. e5 Nfd7 5. f4 c5 6. Nf3 Nc6 7. Be3 cxd4 8. Nxd4
Bb4 9. a3 Bxc3+ 10. bxc3 Nxd4 11. cxd4 Nb6 12. Bd2 a5 13. a4 Bd7 14. c3 Bc6 15.
Bd3 Qd7 16. Bc2 Nc4 17. Bc1 f5 18. g4 O-O 19. O-O b5 20. gxf5 exf5 21. Re1 Rae8
22. axb5 Bxb5 23. Ba3 Rf7 24. Bc5 Re6 25. Kh1 Bc6 26. Qe2 Qd8 27. Rab1 g6 28.
Rg1 Qh4 29. Rb8+ Kg7 30. Qf3 Nd2 31. Qg3 Qh5 32. Qe3 Ne4 33. Bb6 Bb5 34. Rd1
Qh4 35. Bb3 Rd7 36. Bd8 Rxd8 37. Rxb5 Rc6 38. Rc1 Qf2 39. Qxf2 Nxf2+ 40. Kg1
Nh3+ 41. Kf1 Nxf4 42. Rxa5 Rb6 43. Ba4 Rb2 44. Rc2 Rb1+ 45. Kf2 Ra1 46. Ra7+
Kh6 47. Kf3 g5 48. Rb2 Rc8 49. Rb3 Rf1+ 50. Kg3 g4 51. e6 Rf3+ 0-1

[Event "NED-ch 1978"]
[Site "Leeuwarden"]
[Date "1978.??.??"]
[Round "3"]
[White "Donner, Jan Hein"]
[Black "Ree, Hans"]
[Result "1/2-1/2"]
[WhiteElo "2490"]
[BlackElo "2500"]
[PlyCount "49"]
[EventDate "1978.??.??"]
[Source "ChessBase"]
[SourceDate "1997.11.17"]

1. d4 Nf6 2. c4 g6 3. Nc3 Bg7 4. e4 d6 5. Nf3 O-O 6. Be2 e5 7. O-O Nc6 8. d5
Ne7 9. Ne1 Nd7 10. Nd3 f5 11. Bd2 Nf6 12. f3 Kh8 13. g4 c6 14. Nf2 Bd7 15. Kg2
a6 16. a3 b5 17. cxb5 cxb5 18. h4 Rf7 19. Rc1 Nc8 20. Qe1 Nb6 21. b3 Be8 22.
Na2 Nfd7 23. Nd3 Nf6 24. Nf2 Nfd7 25. Nd3 1/2-1/2

[Event "NED-ch 1978"]
[Site "Leeuwarden"]
[Date "1978.??.??"]
[Round "3"]
[White "Van der Vliet, Fred"]
[Black "Baljon, Christofoor"]
[Result "1-0"]
[WhiteElo "2345"]
[BlackElo "2220"]
[PlyCount "115"]
[EventDate "1978.??.??"]
[Source "ChessBase"]
[SourceDate "1997.11.17"]

1. Nf3 Nf6 2. g3 g6 3. Bg2 Bg7 4. O-O O-O 5. d4 d6 6. c4 Nbd7 7. Nc3 e5 8. e4
c6 9. h3 Re8 10. Re1 Qa5 11. d5 c5 12. a3 a6 13. Be3 Qc7 14. Bf1 Nf8 15. b4 b6
16. Rb1 Bd7 17. bxc5 bxc5 18. Qc2 Reb8 19. Rxb8 Rxb8 20. Rb1 Nh5 21. Kh2 Rxb1
22. Qxb1 f5 23. Bd2 Bf6 24. Be2 Bd8 25. exf5 Bxf5 26. Bd3 Qf7 27. Ne4 Bxe4 28.
Bxe4 Nf6 29. Be3 Nxe4 30. Qxe4 Qc7 31. Kg2 Nd7 32. Qg4 Nf8 33. Nd2 Qd7 34. Qd1
Qf5 35. Qa4 a5 36. Qc6 Qd7 37. Ne4 Qxc6 38. dxc6 Bc7 39. Nf6+ Kf7 40. Nd5 Ne6
41. f4 a4 42. fxe5 dxe5 43. Nxc7 Nxc7 44. Bxc5 Ke6 45. Kf3 Ne8 46. Ke3 h5 47.
Kd3 Ng7 48. c7 Kd7 49. Bd6 h4 50. Bxe5 Nf5 51. g4 Ne7 52. Bf6 Nc6 53. Bxh4 Kxc7
54. Bg3+ Kd7 55. h4 Ke6 56. Bf4 Ne7 57. Kd4 Ng8 58. Bg5 1-0

[Event "NED-ch 1978"]
[Site "Leeuwarden"]
[Date "1978.??.??"]
[Round "4"]
[White "Baljon, Christofoor"]
[Black "Bohm, Hans"]
[Result "1-0"]
[WhiteElo "2220"]
[BlackElo "2410"]
[PlyCount "113"]
[EventDate "1978.??.??"]
[Source "ChessBase"]
[SourceDate "1997.11.17"]

1. e4 d5 2. exd5 Qxd5 3. Nc3 Qa5 4. d4 Nf6 5. Bc4 Bg4 6. Nf3 Nc6 7. Bb5 e6 8.
Qd3 Bb4 9. Ne5 O-O 10. Bxc6 bxc6 11. Nxc6 Bxc3+ 12. Qxc3 Qb5 13. f3 Bf5 14. a4
Qa6 15. b4 Rfe8 16. Kf2 Qb6 17. Qc4 a6 18. Ba3 Nd7 19. b5 e5 20. Bc5 Nxc5 21.
dxc5 Qb7 22. Rhe1 Bd7 23. Nxe5 Be6 24. bxa6 Qb2 25. Qe4 f6 26. Nc6 Rxa6 27. Qd4
Qxc2+ 28. Re2 Qg6 29. Nd8 f5 30. c6 Bb3 31. Rxe8+ Qxe8 32. Qd3 Rb6 33. a5 Rb8
34. Nb7 Bf7 35. Rc1 Qe5 36. Kg1 Qb2 37. Qc3 Qb5 38. Qc5 Qa6 39. Qxf5 Re8 40.
Qc5 Qe2 41. Kh1 Re5 42. Qd4 Bd5 43. Qd1 Qxd1+ 44. Rxd1 Bxc6 45. a6 Bxb7 46.
axb7 Re8 47. Rb1 Rb8 48. Kg1 Kf7 49. f4 Ke6 50. g4 g6 51. Kf2 Kd5 52. Ke3 Kc6
53. h4 Kd5 54. Kd3 h5 55. gxh5 gxh5 56. Ke3 c6 57. Kd3 1-0

[Event "NED-ch 1978"]
[Site "Leeuwarden"]
[Date "1978.??.??"]
[Round "4"]
[White "Hartoch, Rob"]
[Black "Van der Vliet, Fred"]
[Result "1/2-1/2"]
[WhiteElo "2405"]
[BlackElo "2345"]
[PlyCount "40"]
[EventDate "1978.??.??"]
[Source "ChessBase"]
[SourceDate "1997.11.17"]

1. e4 c5 2. Nf3 d6 3. d4 Nf6 4. dxc5 Nxe4 5. cxd6 Nxd6 6. Nc3 Bg4 7. h3 Bh5 8.
g4 Bg6 9. Ne5 Nd7 10. Nxg6 hxg6 11. Bg2 e6 12. O-O Be7 13. Bf4 Qb6 14. Re1 Rd8
15. Qf3 g5 16. Bg3 Nc5 17. b3 O-O 18. Rad1 Nc8 19. Be5 Qb4 20. Ne4 b6 1/2-1/2

[Event "NED-ch 1978"]
[Site "Leeuwarden"]
[Date "1978.??.??"]
[Round "4"]
[White "Langeweg, Kick"]
[Black "Ligterink, Gert"]
[Result "1/2-1/2"]
[WhiteElo "2450"]
[BlackElo "2440"]
[PlyCount "62"]
[EventDate "1978.??.??"]
[Source "ChessBase"]
[SourceDate "1997.11.17"]

1. Nf3 Nf6 2. c4 b6 3. g3 Bb7 4. Bg2 e6 5. O-O Be7 6. b3 O-O 7. Bb2 c5 8. Nc3
d6 9. d4 cxd4 10. Qxd4 a6 11. Rfd1 Nbd7 12. h3 Qc7 13. Rac1 Rad8 14. Qe3 Rfe8
15. Nd4 Bxg2 16. Kxg2 Bf8 17. Kg1 Rc8 18. Qf3 Qb8 19. Rd2 Qc7 20. Rcd1 Ne5 21.
Qg2 Red8 22. Rc2 h6 23. Rcc1 Ned7 24. Nb1 Re8 25. Kh2 Qb8 26. Nc3 Qc7 27. Ba3
Nc5 28. Rc2 Ncd7 29. Rdc1 Qb8 30. Bb2 Qa7 31. Rd1 Qb8 1/2-1/2

[Event "NED-ch 1978"]
[Site "Leeuwarden"]
[Date "1978.??.??"]
[Round "4"]
[White "Ree, Hans"]
[Black "Sosonko, Gennadi"]
[Result "1/2-1/2"]
[WhiteElo "2500"]
[BlackElo "2575"]
[PlyCount "23"]
[EventDate "1978.??.??"]
[Source "ChessBase"]
[SourceDate "1997.11.17"]

1. d4 Nf6 2. c4 e6 3. Nf3 b6 4. g3 Bb7 5. Bg2 Be7 6. O-O O-O 7. b3 c5 8. Bb2
cxd4 9. Qxd4 Nc6 10. Qf4 d5 11. Rd1 Qc8 12. Nbd2 1/2-1/2

[Event "NED-ch 1978"]
[Site "Leeuwarden"]
[Date "1978.??.??"]
[Round "5"]
[White "Bohm, Hans"]
[Black "Hartoch, Rob"]
[Result "1/2-1/2"]
[WhiteElo "2410"]
[BlackElo "2405"]
[PlyCount "68"]
[EventDate "1978.??.??"]
[Source "ChessBase"]
[SourceDate "1997.11.17"]

1. d4 g6 2. Bf4 Bg7 3. e3 f5 4. Nf3 Nf6 5. Bc4 d5 6. Be2 Be6 7. Nbd2 c6 8. c4
dxc4 9. Bxc4 Bd5 10. Qb3 Qb6 11. Qa3 Nbd7 12. O-O a5 13. b3 Qb4 14. Qc1 e6 15.
Qc2 O-O 16. h3 Rfc8 17. Ne5 Nxe5 18. Bxe5 Ne4 19. Nxe4 fxe4 20. Bxg7 Kxg7 21.
Rfc1 Rf8 22. Bf1 Rf5 23. Qc5 Rf7 24. Rc2 h5 25. h4 Kf6 26. Be2 Rg7 27. f4 b5
28. Rac1 Rga7 29. Qb6 a4 30. bxa4 Qxa4 31. Kf2 Qa5 32. Qc5 Qa3 33. Qb6 Qa5 34.
Qc5 Qa3 1/2-1/2

[Event "NED-ch 1978"]
[Site "Leeuwarden"]
[Date "1978.??.??"]
[Round "5"]
[White "Donner, Jan Hein"]
[Black "Baljon, Christofoor"]
[Result "1/2-1/2"]
[WhiteElo "2490"]
[BlackElo "2220"]
[PlyCount "117"]
[EventDate "1978.??.??"]
[Source "ChessBase"]
[SourceDate "1997.11.17"]

1. d4 Nf6 2. c4 g6 3. g3 Bg7 4. Bg2 O-O 5. Nc3 d6 6. Nf3 Nbd7 7. O-O e5 8. b3
c6 9. Ba3 exd4 10. Nxd4 Nc5 11. Qc2 a5 12. Rad1 Qe7 13. e4 Nfd7 14. h3 Nb6 15.
Bc1 a4 16. Be3 Bd7 17. Rfe1 axb3 18. axb3 Ra3 19. Nb1 Ra7 20. b4 Nca4 21. c5
dxc5 22. bxc5 Na8 23. Nd2 Nc7 24. N2b3 Ne6 25. Nb5 Ra6 26. Nd6 Nc3 27. Rd2 Ra2
28. Qc1 Rfa8 29. Nxb7 R2a3 30. Qc2 Rb8 31. N7a5 Rb5 32. Qd3 Be8 33. Rc2 Rbxb3
34. Nxb3 Rxb3 35. Rec1 Nxc5 36. Qc4 Rb5 37. Rxc3 Bxc3 38. Rxc3 Ne6 39. Kh2 Qb4
40. Qd3 Qb1 41. Qxb1 Rxb1 42. f4 Rb4 43. Ra3 f6 44. Ra8 Kf7 45. Ra7+ Kg8 46. f5
Nd4 47. g4 g5 48. Re7 Bf7 49. Rd7 c5 50. Rc7 Rb3 51. Bg1 Rc3 52. Bf2 h5 53. Bg3
Rc2 54. Bd6 Nf3+ 55. Kh1 Rc1+ 56. Bf1 Nd2 57. Rc8+ Kh7 58. Rc7 Kg7 59. e5
1/2-1/2

[Event "NED-ch 1978"]
[Site "Leeuwarden"]
[Date "1978.??.??"]
[Round "5"]
[White "Kuijpers, Frans"]
[Black "Langeweg, Kick"]
[Result "1/2-1/2"]
[WhiteElo "2415"]
[BlackElo "2450"]
[PlyCount "23"]
[EventDate "1978.??.??"]
[Source "ChessBase"]
[SourceDate "1997.11.17"]

1. e4 c5 2. Nf3 e6 3. d4 cxd4 4. Nxd4 Nc6 5. Nb5 d6 6. c4 Nf6 7. N1c3 a6 8. Na3
Be7 9. Be2 O-O 10. O-O Rb8 11. Be3 Qa5 12. Nc2 1/2-1/2

[Event "NED-ch 1978"]
[Site "Leeuwarden"]
[Date "1978.??.??"]
[Round "5"]
[White "Ligterink, Gert"]
[Black "Van der Sterren, Paul"]
[Result "1/2-1/2"]
[WhiteElo "2440"]
[BlackElo "2400"]
[PlyCount "63"]
[EventDate "1978.??.??"]
[Source "ChessBase"]
[SourceDate "1997.11.17"]

1. Nf3 g6 2. d4 Bg7 3. e4 d6 4. Nc3 Nf6 5. Be2 O-O 6. O-O Bg4 7. Be3 Nc6 8. Qd2
e5 9. d5 Ne7 10. Rad1 Bd7 11. Ne1 Ng4 12. Bxg4 Bxg4 13. f3 Bd7 14. f4 Bg4 15.
Rb1 c6 16. fxe5 dxe5 17. h3 cxd5 18. Bc5 Be6 19. exd5 Re8 20. dxe6 Qxd2 21.
exf7+ Kh8 22. fxe8=Q+ Rxe8 23. Rd1 Qg5 24. Ne4 Qh5 25. Nf3 Nf5 26. Nfg5 Qe2 27.
Rd2 Qb5 28. Bf2 Qxb2 29. Rfd1 h6 30. Rd8 Rg8 31. Nf7+ Kh7 32. Neg5+ 1/2-1/2

[Event "NED-ch 1978"]
[Site "Leeuwarden"]
[Date "1978.??.??"]
[Round "5"]
[White "Timman, Jan"]
[Black "Ree, Hans"]
[Result "1-0"]
[WhiteElo "2585"]
[BlackElo "2500"]
[PlyCount "121"]
[EventDate "1978.??.??"]
[Source "ChessBase"]
[SourceDate "1997.11.17"]

1. e4 e5 2. Nf3 Nc6 3. Bb5 a6 4. Ba4 Nf6 5. O-O Be7 6. Re1 b5 7. Bb3 d6 8. c3
O-O 9. d4 Bg4 10. d5 Na5 11. Bc2 c5 12. h3 Bd7 13. Nxe5 dxe5 14. d6 Be6 15.
dxe7 Qxe7 16. Nd2 Rfd8 17. Qf3 c4 18. Nf1 Nb7 19. Bg5 h6 20. Bd2 Kh8 21. Qg3
Bc8 22. a4 bxa4 23. Rxa4 Bd7 24. Ra2 Nc5 25. Qh4 Bc6 26. Bg5 Kg8 27. Bxf6 Qxf6
28. Qxf6 gxf6 29. f3 Rab8 30. Kf2 Bd7 31. Rd1 Be6 32. Rxd8+ Rxd8 33. Ra5 Rc8
34. Ne3 Kf8 35. h4 Rc6 36. g3 Nb7 37. Ra2 Nd6 38. f4 Kg7 39. Kf3 Rb6 40. Bd1
Bc8 41. Be2 Bb7 42. Nxc4 Bxe4+ 43. Ke3 Nxc4+ 44. Kxe4 Nxb2 45. Ke3 a5 46. Kd2
e4 47. Kc2 Nd3 48. Bxd3 exd3+ 49. Kxd3 Rd6+ 50. Kc4 Rc6+ 51. Kd4 Rd6+ 52. Kc5
Rd3 53. c4 Rxg3 54. Rxa5 Rg4 55. Kb6 Rxh4 56. c5 Rxf4 57. c6 Re4 58. c7 Re6+
59. Kb7 Re7 60. Kc6 Re8 61. Kd7 1-0

[Event "NED-ch 1978"]
[Site "Leeuwarden"]
[Date "1978.??.??"]
[Round "6"]
[White "Baljon, Christofoor"]
[Black "Sosonko, Gennadi"]
[Result "0-1"]
[WhiteElo "2220"]
[BlackElo "2575"]
[PlyCount "56"]
[EventDate "1978.??.??"]
[Source "ChessBase"]
[SourceDate "1997.11.17"]

1. b3 d5 2. Bb2 Nf6 3. c4 e6 4. Nf3 Be7 5. e3 O-O 6. Nc3 c5 7. cxd5 exd5 8. d4
Bg4 9. Be2 Nc6 10. dxc5 Bxc5 11. O-O a6 12. Rc1 Ba7 13. Nd4 Bd7 14. Nxc6 Bxc6
15. Bf3 Ne4 16. Qd3 Re8 17. Rcd1 Qh4 18. g3 Qh6 19. Bg2 Rac8 20. a4 Nc5 21. Qc2
Nd7 22. Bxd5 Bxd5 23. Rxd5 Nf6 24. Qf5 Nxd5 25. Nxd5 Bc5 26. Rc1 Qe6 27. Qg5
Qg6 28. Ne7+ Bxe7 0-1

[Event "NED-ch 1978"]
[Site "Leeuwarden"]
[Date "1978.??.??"]
[Round "6"]
[White "Hartoch, Rob"]
[Black "Donner, Jan Hein"]
[Result "1/2-1/2"]
[WhiteElo "2405"]
[BlackElo "2490"]
[PlyCount "77"]
[EventDate "1978.??.??"]
[Source "ChessBase"]
[SourceDate "1997.11.17"]

1. e4 e5 2. Nf3 Nc6 3. Bc4 Nf6 4. d4 exd4 5. e5 d5 6. Bb5 Nd7 7. O-O Be7 8. Re1
O-O 9. Bxc6 bxc6 10. Nxd4 Nb8 11. Nd2 c5 12. N4f3 Nc6 13. Nf1 Be6 14. Bf4 Qd7
15. Ng5 Bg4 16. f3 Bf5 17. Ne3 Rad8 18. g4 Bg6 19. Ng2 Nd4 20. Rc1 f6 21. exf6
Bxf6 22. Nh3 Rde8 23. c3 Rxe1+ 24. Nxe1 Ne6 25. Ng2 d4 26. Bg3 Qc6 27. Ngf4 Bf7
28. Nd3 dxc3 29. bxc3 Rd8 30. Qe2 Qa6 31. Nhf2 Bg6 32. Re1 Bxd3 33. Qxe6+ Qxe6
34. Rxe6 Bxc3 35. Bxc7 Rd7 36. Rc6 Bd4 37. Bd6 Bb5 38. Rc8+ Kf7 39. Bxc5
1/2-1/2

[Event "NED-ch 1978"]
[Site "Leeuwarden"]
[Date "1978.??.??"]
[Round "6"]
[White "Kuijpers, Frans"]
[Black "Van der Vliet, Fred"]
[Result "1-0"]
[WhiteElo "2415"]
[BlackElo "2345"]
[PlyCount "57"]
[EventDate "1978.??.??"]
[Source "ChessBase"]
[SourceDate "1997.11.17"]

1. e4 c5 2. Nf3 d6 3. d4 cxd4 4. Nxd4 Nf6 5. Nc3 a6 6. f4 Qc7 7. Be2 e6 8. Be3
Be7 9. Bf3 O-O 10. g4 Nc6 11. g5 Nd7 12. Qe2 Nxd4 13. Bxd4 b5 14. a3 Bb7 15. h4
e5 16. Be3 exf4 17. Bxf4 Ne5 18. O-O-O Rab8 19. Bg4 Bc6 20. h5 b4 21. axb4 Rxb4
22. g6 Bf6 23. h6 fxg6 24. Be6+ Kh8 25. hxg7+ Qxg7 26. Rxd6 Rfb8 27. Bb3 Bb5
28. Nxb5 R4xb5 29. Rxf6 1-0

[Event "NED-ch 1978"]
[Site "Leeuwarden"]
[Date "1978.??.??"]
[Round "6"]
[White "Langeweg, Kick"]
[Black "Van der Sterren, Paul"]
[Result "0-1"]
[WhiteElo "2450"]
[BlackElo "2400"]
[PlyCount "82"]
[EventDate "1978.??.??"]
[Source "ChessBase"]
[SourceDate "1997.11.17"]

1. Nf3 c5 2. c4 g6 3. d4 cxd4 4. Nxd4 Nc6 5. e4 Nf6 6. Nc3 d6 7. Nc2 Bg7 8. Be2
Nd7 9. Bd2 O-O 10. O-O Nc5 11. f3 a5 12. Be3 a4 13. Qd2 Qa5 14. Na3 Qb4 15.
Rac1 f5 16. exf5 Bxf5 17. Rf2 Rf7 18. Nab5 Ne5 19. Nc7 Raf8 20. N7d5 Qa5 21.
Nxe7+ Rxe7 22. Qxd6 Rc7 23. Nd5 Rfc8 24. Nxc7 Qxc7 25. Rd1 Ncd3 26. Qxc7 Rxc7
27. g4 Nxf2 28. Rd8+ Kf7 29. gxf5 Nh3+ 30. Kg2 Nc6 31. Rd5 Re7 32. fxg6+ hxg6
33. Kxh3 Rxe3 34. Bd1 Bxb2 35. Bxa4 Rxf3+ 36. Kg2 Ra3 37. Bb3 Ke6 38. Rb5 Ra7
39. Bc2 Be5 40. Bxg6 Rxa2+ 41. Kf1 Rb2 0-1

[Event "NED-ch 1978"]
[Site "Leeuwarden"]
[Date "1978.??.??"]
[Round "7"]
[White "Bohm, Hans"]
[Black "Kuijpers, Frans"]
[Result "0-1"]
[WhiteElo "2410"]
[BlackElo "2415"]
[PlyCount "80"]
[EventDate "1978.??.??"]
[Source "ChessBase"]
[SourceDate "1997.11.17"]

1. d4 Nf6 2. c4 e6 3. Nc3 d5 4. Nf3 Be7 5. g3 O-O 6. Bg2 dxc4 7. O-O Nbd7 8. a4
c5 9. a5 Nd5 10. e4 Nb4 11. d5 Bf6 12. Bf4 Nd3 13. Qc2 Bxc3 14. Qxc3 Nxf4 15.
gxf4 exd5 16. exd5 Qf6 17. Qxc4 Qxb2 18. Rfd1 Rb8 19. d6 b5 20. axb6 axb6 21.
Ra7 b5 22. Qe4 c4 23. Ng5 Nf6 24. Qe5 Qc2 25. Re1 Bd7 26. Re2 Qb1+ 27. Re1 Qd3
28. Re3 Qg6 29. h4 Ng4 30. Qe7 Nxe3 31. fxe3 h6 32. Rxd7 hxg5 33. Be4 Qe6 34.
hxg5 Rbe8 35. Qxe6 Rxe6 36. Bd5 Rxe3 37. Rb7 Rd3 38. Rxb5 c3 39. g6 c2 40.
gxf7+ Kh8 0-1

[Event "NED-ch 1978"]
[Site "Leeuwarden"]
[Date "1978.??.??"]
[Round "7"]
[White "Sosonko, Gennadi"]
[Black "Hartoch, Rob"]
[Result "1-0"]
[WhiteElo "2575"]
[BlackElo "2405"]
[PlyCount "103"]
[EventDate "1978.??.??"]
[Source "ChessBase"]
[SourceDate "1997.11.17"]

1. d4 g6 2. c4 c5 3. d5 e5 4. dxe6 dxe6 5. Qxd8+ Kxd8 6. Nc3 Bh6 7. g3 Bd7 8.
Bg2 Bc6 9. Nf3 Nd7 10. O-O Ke7 11. Rd1 Bxc1 12. Raxc1 Ngf6 13. Rd2 Rhd8 14.
Rcd1 Nb6 15. Ne5 Bxg2 16. Kxg2 Rxd2 17. Rxd2 Nfd7 18. Nxd7 Nxd7 19. f4 Rd8 20.
b3 f5 21. e4 Nb6 22. Rxd8 Kxd8 23. Kh3 Ke7 24. g4 fxe4 25. Nxe4 Nd7 26. g5 b6
27. Kg4 Nb8 28. h4 Kf7 29. h5 gxh5+ 30. Kxh5 Kg7 31. Nd6 Nc6 32. Nc8 Nb4 33.
Nxa7 Nxa2 34. Nc8 Nc1 35. Nxb6 Nxb3 36. Nd7 Nd2 37. Nxc5 Nxc4 38. Nxe6+ Kg8 39.
f5 Nd6 40. Kg4 Kf7 41. Kf4 Ke7 42. Nc5 Kf7 43. Nd7 Kg7 44. Ne5 Kg8 45. Ng4 Kf7
46. Ke5 Ne8 47. Nf2 Kf8 48. Ne4 Ke7 49. Nc3 Kf7 50. Nd5 Kg7 51. Ke6 Kf8 52. f6
1-0

[Event "NED-ch 1978"]
[Site "Leeuwarden"]
[Date "1978.??.??"]
[Round "7"]
[White "Van der Sterren, Paul"]
[Black "Ree, Hans"]
[Result "1/2-1/2"]
[WhiteElo "2400"]
[BlackElo "2500"]
[PlyCount "65"]
[EventDate "1978.??.??"]
[Source "ChessBase"]
[SourceDate "1997.11.17"]

1. e4 c5 2. Nf3 e6 3. d4 cxd4 4. Nxd4 Nf6 5. Nc3 d6 6. Be2 Be7 7. f4 O-O 8. O-O
a6 9. Qe1 Qc7 10. Kh1 Nc6 11. Be3 Nxd4 12. Bxd4 b5 13. e5 dxe5 14. fxe5 Nd7 15.
Bf3 Rb8 16. Qg3 Bc5 17. Bxc5 Qxc5 18. Rae1 b4 19. Nd1 Rb5 20. Nf2 Nxe5 21. Ne4
Qe7 22. Nf6+ Kh8 23. Nxh7 Kxh7 24. Rxe5 Rxe5 25. Qxe5 Kg8 26. Rd1 Bb7 27. Bxb7
Qxb7 28. Rd4 Qc6 29. h3 Qxc2 30. Rg4 Qh7 31. Kh2 b3 32. axb3 Qh6 33. Ra4
1/2-1/2

[Event "NED-ch 1978"]
[Site "Leeuwarden"]
[Date "1978.??.??"]
[Round "7"]
[White "Van der Vliet, Fred"]
[Black "Langeweg, Kick"]
[Result "1/2-1/2"]
[WhiteElo "2345"]
[BlackElo "2450"]
[PlyCount "84"]
[EventDate "1978.??.??"]
[Source "ChessBase"]
[SourceDate "1997.11.17"]

1. Nf3 d5 2. g3 c6 3. Bg2 Bg4 4. d3 Nd7 5. Nbd2 e6 6. b3 Ngf6 7. Bb2 Bd6 8. O-O
O-O 9. h3 Bh5 10. e4 Ne8 11. d4 f5 12. e5 Be7 13. c4 f4 14. g4 Bg6 15. Qe2 Nc7
16. Nb1 h5 17. Nc3 hxg4 18. hxg4 Qe8 19. Rfd1 Bh7 20. Ne1 Qf7 21. a3 a5 22. c5
g5 23. Na4 Ra6 24. Rac1 Bg6 25. f3 Qh7 26. Bf1 Raa8 27. Qh2 Qg7 28. Bc3 Kf7 29.
Qb2 Rfb8 30. Nd3 Nb5 31. Be1 Rh8 32. Nf2 Nc7 33. Bg2 Qh7 34. Nh3 Nb5 35. Nc3
Nc7 36. b4 b5 37. cxb6 Nxb6 38. bxa5 Nc4 39. Qb7 Ne3 40. Qxc7 Qxh3 41. Bxh3
Rxh3 42. Rd2 Rah8 1/2-1/2

[Event "NED-ch 1978"]
[Site "Leeuwarden"]
[Date "1978.??.??"]
[Round "8"]
[White "Langeweg, Kick"]
[Black "Ree, Hans"]
[Result "1-0"]
[WhiteElo "2450"]
[BlackElo "2500"]
[PlyCount "63"]
[EventDate "1978.??.??"]
[Source "ChessBase"]
[SourceDate "1997.11.17"]

1. Nf3 Nf6 2. c4 g6 3. Nc3 Bg7 4. e4 d6 5. d4 O-O 6. Be2 e5 7. Be3 Ng4 8. Bg5
f6 9. Bc1 Nc6 10. h3 Nh6 11. dxe5 dxe5 12. Be3 f5 13. Qd5+ Qxd5 14. Nxd5 fxe4
15. Ng5 Nd4 16. Nxc7 Nc2+ 17. Kd2 Nxe3 18. fxe3 Rb8 19. c5 Bd7 20. g4 b6 21.
Kc3 Rfc8 22. Bc4+ Kh8 23. Nce6 Bxe6 24. Nxe6 b5 25. Bd5 Ng8 26. b4 Ne7 27. Bxe4
a5 28. a3 Rb6 29. Nxg7 Kxg7 30. Rad1 Rc7 31. Rd7 axb4+ 32. Kxb4 1-0